Hana chan and the Shape of the World /

In a small town where the fantastic and the mundane blend together, young Hana's everyday life is one of exploration and discovery. As she encounters fragments both bitter and sweet, the shape of the world slowly comes into view...

Bibliographic Details
Corporate Author: Library Pass, LLC
Other Authors: Ueda, Ryotaro (writer.)
Format: eBook
Language:English
Published: [United States] : Yen Press, 2022.
Subjects:
Online Access:Connect to this electronic book (First time users create your free account)

MARC

Tag First Indicator Second Indicator Subfields
LEADER 00000nmm a22000001a 4500
001 in00004611021
006 m|||||o||m||||||||
007 cr|cn |||uuuuu
008 221118s2022 xxu||||co|||| ||||||eng d
005 20221207213527.1
035 |a (TxWaIVM)IV89133YeHa 
040 |a TxWaIVM  |c TxWaIVM 
245 0 0 |a Hana chan and the Shape of the World /  |c powered by Library Pass. 
260 3 |a [United States] :  |b Yen Press,  |c 2022. 
300 |a 1 online resource. 
336 |a text  |b txt  |2 rdacontent 
337 |a computer  |b c  |2 rdamedia 
338 |a online resource  |b cr  |2 rdacarrier 
520 |a In a small town where the fantastic and the mundane blend together, young Hana's everyday life is one of exploration and discovery. As she encounters fragments both bitter and sweet, the shape of the world slowly comes into view... 
521 |a 5 
538 |a Requires a valid library card and registration for new users. 
538 |a Mode of access: World Wide Web. 
538 |a System requirements: Flash 10.1 or higher, Windows XP and higher, Internet Explorer 7 and higher, Firefox 3.6 and higher, Google Chrome; Max OS 10.5 and higher, Safari 4 and higher. 
650 0 |a Fantasy comic books, strips, etc. 
655 7 |a Electronic books.  |2 local 
655 7 |a Fantasy comic books, strips, etc.  |2 gsafd 
650 0 |a Humor 
655 7 |a Humor  |2 gsafd 
650 0 |a Comic books, strips, etc. --Women 
655 7 |a Comic books, strips, etc. --Women  |2 gsafd 
650 0 |a Comic books, strips, etc. 
655 7 |a Comic books, strips, etc.  |2 gsafd 
650 0 |a Comic books, strips, etc. 
655 7 |a Comic books, strips, etc.  |2 gsafd 
650 0 |a Shoujo 
655 7 |a Shoujo  |2 gsafd 
700 1 |a Ueda, Ryotaro.  |e writer. 
700 1 |a Ueda, Ryotaro.  |e artist. 
710 2 |a Library Pass, LLC. 
856 4 0 |u http://proxy.library.tamu.edu/login?url=https://tamu.librarypass.com/product/yen.press.hanachan.and.the.shape.of.the.world.english.06072022  |z Connect to this electronic book (First time users create your free account)  |t 0 
955 |a Comics Plus. 
999 f f |s a736db49-2122-4b44-a4a1-93989289fc13  |i 193e9d20-86ef-40c4-b219-56a4f4382698  |t 0 
952 f f |a Texas A&M University  |b College Station  |c Electronic Resources  |d Available Online  |t 0  |h Library of Congress classification 
998 f f |t 0  |l Available Online